| 000 | 00530nam a2200205Ia 4500 | ||
|---|---|---|---|
| 003 | 0100 | ||
| 008 | 130303s9999 xx 000 0 und d | ||
| 040 | _cARRUPELIB | ||
| 050 | _aBL2400.K491986 | ||
| 100 | _aKing, Noel Q | ||
| 245 | _aAfrican cosmos | ||
| 245 | _bAn introduction to religion in Africa | ||
| 260 | _aBelmont CA | ||
| 260 | _bWadsworth Pub. | ||
| 260 | _C1986 | ||
| 300 | _a149p | ||
| 650 | _bWomen in christianity-developing countries | ||
| 650 | _cTheology, Doctrinal-developing countries | ||
| 942 | 0 | 0 | _08 |
| 999 |
_c22609 _d22609 |
||